Sports Quiz

Random Sports or MLB Quiz
Score 0/56 Timer 07:00
0 Plays Today
Year Player % Correct
2018Freddie Freeman (tie)
100%
2018Nick Markakis
100%
1993Greg Maddux
98.4%
1994Greg Maddux
98.4%
1995Greg Maddux
98.4%
1996Greg Maddux
98.4%
1997Greg Maddux
98.4%
1998Greg Maddux
98.4%
1998Andruw Jones
98.4%
1999Greg Maddux
98.4%
1999Andruw Jones
98.4%
2000Greg Maddux
98.4%
2000Andruw Jones
98.4%
2001Greg Maddux
98.4%
2001Andruw Jones
98.4%
2002Greg Maddux
98.4%
2002Andruw Jones
98.4%
2003Andruw Jones
98.4%
2004Andruw Jones
98.4%
2005Andruw Jones
98.4%
2006Andruw Jones
98.4%
2007Andruw Jones
98.4%
1982Dale Murphy
91.4%
1983Dale Murphy
91.4%
1984Dale Murphy
91.4%
1985Dale Murphy
91.4%
1986Dale Murphy
91.4%
2014Andrelton Simmons
89.9%
Year Player % Correct
2014Jason Heyward
88.9%
2012Jason Heyward
88.8%
2018Ender Inciarte
87.9%
2017Ender Inciarte
87.9%
1958Hank Aaron
87.7%
1959Hank Aaron
87.7%
1960Hank Aaron
87.7%
1992Terry Pendleton
82.9%
1978Phil Niekro
81.3%
1979Phil Niekro
81.3%
1980Phil Niekro
81.3%
1982Phil Niekro
81.3%
1983Phil Niekro
81.3%
2013Andrelton Simmons
77.5%
2016Ender Inciarte
77.2%
1965Joe Torre
70.6%
2020Max Fried
66.7%
1995Marquis Grissom
62.6%
1996Marquis Grissom
62.6%
2003Mike Hampton
57%
2007Jeff Francoeur
48.1%
1958Del Crandall
44.4%
1959Del Crandall
44.4%
1960Del Crandall
44.4%
1962Del Crandall
44.4%
1969Felix Millan
34.8%
1972Felix Millan
34.8%
1969Clete Boyer
31.6%
Remove Ads.
Support Sporcle.
Get the best of Sporcle when you Go Orange. This ad-free experience offers more features, more stats, and more fun while also helping to support Sporcle. Thank you for becoming a member.

You're not logged in!

Compare scores with friends on all Sporcle quizzes.
OR
Log In

Show Comments

Extras

Top Quizzes Today


Score Distribution

Your Account Isn't Verified!

In order to create a playlist on Sporcle, you need to verify the email address you used during registration. Go to your Sporcle Settings to finish the process.

Report this User

Report this user for behavior that violates our Community Guidelines.

Details: